| 000 | 00525nam a2200169 a 4500 | ||
|---|---|---|---|
| 005 | 20240814063725.0 | ||
| 008 | 991125s1970 mx 000 0 spa u | ||
| 035 | _aUPN01000056668 | ||
| 049 | _aSEP | ||
| 050 | 4 |
_aQD41 _bF7.7 |
|
| 100 | 1 | _aFranco Reding, Lourdes | |
| 245 | 1 | 0 |
_aTexto de nivelación de química / _cLourdes Franco Reding. |
| 260 |
_aMéxico : _bSEP, Dirección General de Educación Tecnológica Industrial, _c[197-]. |
||
| 300 | _a240 p | ||
| 650 | 4 |
_aQuímica _xEstudio y enseñanza _97239 |
|
| 905 | _aLibro | ||
| 999 |
_c56668 _d56668 |
||